00680nam a2200205Ia 450000500170000000800410001702000150005808200190007310000140009224501180010626000680022430000150029265000150030765000130032265000110033565000120034694200060035895200950036499900150045920250317014436.0240331s9999 xx 000 0 und d a9555800057 a301bPER23841 aPerera, S 0aLiving With Torturers:bAnd Other Essays of Intervention: Sri Lankan Society, Culture and Politics in Perspective aColombo, bInternational Centre for Ethnic Studies (ICES)c1995 aix, 89 p., aPatriotism aReligion aRacism aSociety cL 001040708LaWERCLbWERCLcSSCd2024-03-31l0o 301 PERp3841r2024-03-31w2024-03-31yL c1026d1026